000 00661nam a2200181 a 4500
001 000007077
005 20200929154048.0
008 090904d1944 dr 000 0 spa d
040 _aDO-SdBNP
_bspa
_cBNPHU
082 _axxx
_bB517l
100 1 _aBernaldo de Quirós, Constancio
_919670
245 1 0 _aLecciones de legislación penal comparada /
_cConstancio Bernaldo de Quirós.
260 _aCiudad Trujillo :
_bUniversidad de Santo Domingo,
_c1944.
300 _a338 p. ;
_c25 cm.
490 1 _aPublicaciones de la Universidad de Santo Domingo
_v17
504 _aBibliografía: p. 339-340
830 0 _aPublicaciones de la Universidad de Santo Domingo ;
_v17
_9818
999 _c6860
_d6860